Find the Churches - Statistics

General Stats
  • This quiz has been taken 26 times
  • The average score is 13 of 20
Answer Stats
Picture Answer % Correct
Italy
95%
Russia
95%
France
86%
Uk
86%
Germany
82%
United States
77%
Spain
73%
Vatican
73%
Brazil
68%
Portugal
68%
Austria
64%
Mexico
64%
Bulgaria
59%
Ukraine
55%
Czechia
50%
Sweden
50%
Slovenia
41%
Türkiye
41%
Cuba
36%
Finland
36%
No matching quizzes found
Score Distribution
Percent of People with Each Score
Percentile by Number Answered
Your Score History
You have not taken this quiz